| 000 | 00582nam a2200181Ia 4500 | ||
|---|---|---|---|
| 003 | GCL | ||
| 008 | 140319s9999 xx 000 0 ara d | ||
| 040 |
_aGCL / _cGCL |
||
| 082 | 0 | 4 |
_a810.008 _bم ب |
| 100 | 1 | _aمحمد اسعاف الناشيبى | |
| 245 | 1 | 0 |
_aالبطل الخالد صلاح الدين والشاعر الخالد احمد شوقى / _cمحمد اسعاف الناشيبى |
| 300 | _a110 ص | ||
| 490 |
_a100 قصة _v0 |
||
| 650 | 0 | 4 | _aالشعر العربى |
| 650 | 0 | 4 | _aالشعر |
| 650 | 0 | 4 | _aالشعر العربى - العراق |
| 942 |
_2ddc _cBK |
||
| 999 |
_c45375 _d45375 |
||